Movies Quiz

Random Movies or Cast Quiz

Cast of Harry Potter Quiz Stats

 Plays Quiz Updated Feb 20, 2018

Score 0/20 Timer 05:00
0 Plays Today
Character Actor % Correct
Harry PotterDaniel Radcliffe
97%
Hermione GrangerEmma Watson
96.5%
Ron WeasleyRupert Grint
89.6%
Severus SnapeAlan Rickman
74.5%
Minerva McGonagallMaggie Smith
65.4%
Lord VoldemortRalph Fiennes
63.6%
Draco MalfoyTom Felton
62.3%
Sirius BlackGary Oldman
61.1%
Bellatrix LestrangeHelena Bonham Carter
60.6%
Sybill TrelawneyEmma Thompson
53.1%
Character Actor % Correct
Rubeus HagridRobbie Coltrane
49.3%
Albus Dumbledore (2004-present)Michael Gambon
48.1%
Albus Dumbledore (2001-2002)Richard Harris
47.1%
Nearly Headless NickJohn Cleese
40.4%
Molly WeasleyJulie Walters
34.5%
Gilderoy LockhartKenneth Branagh
30.6%
Remus LupinDavid Thewlis
28.4%
Peter PettigrewTimothy Spall
26.8%
Horace SlughornJim Broadbent
25.5%
Dolores UmbridgeImelda Staunton
25%

You're not logged in!

Compare scores with friends on all Sporcle quizzes.
OR
Log In

Sporcle TV

Today on Sporcle TV


Watch our educational content, quiz creation guides, and fun videos on Sporcle TV.

Show Comments

Extras

Top Quizzes Today


Score Distribution

Your Account Isn't Verified!

In order to create a playlist on Sporcle, you need to verify the email address you used during registration. Go to your Sporcle Settings to finish the process.

Report this User

Report this user for behavior that violates our Community Guidelines.

Details: